00436nam a22001457a 4500003000400000082001700004100001900021245004000040260004400080300000800124650001900132942001200151952011000163999001700273SGT a617.69bI25A aAtreja, Preeti aImplants in anterior aesthetic zone aGurugram, HaryanabSGT Universityc2025 a145 aProsthodontics 2ddccTH 00102ddc405171aFDbFDd2025-06-13iSGTUl0o617.69 I25ApDT2215r2025-06-13 00:00:00w2025-06-13yTH c31361d31361